The Only Oceanian Country ... - Statistics

General Stats
  • This quiz has been taken 11,237 times
  • The average score is 8 of 10
Answer Stats
The only country that ... Country % Correct
starts with the letter V Vanuatu
98%
has a land border Papua New Guinea
95%
consists of only one island Nauru
80%
has an American counterpart Samoa
80%
has a circle in its flag Palau
77%
has its own king (excluding Charles III) Tonga
75%
has a place with a 85-character name New Zealand
73%
plays in the Asian Football Confederation Australia
71%
has Hindi as an official language Fiji
69%
has a capital starting with the letter H Solomon Islands
69%
No matching quizzes found
Score Distribution
Percent of People with Each Score
Percentile by Number Answered
Your Score History
You have not taken this quiz